000 00713nam a2200265Ia 4500
005 20260302115029.0
008 008 260114s9999 xx 000 0 eng d
020 _a9781474266888
037 _aTextbook
040 _aCRL
040 _beng
040 _cCRL
041 _2eng
041 _aeng
084 _qCRL
100 _aDonna Soto-Morettini
_91120492
245 0 _aMastering the Shakespeare Audition A Quick Guide to Performance Success
260 _bBloomsbury
260 _bMethuen Drama
260 _c2016
650 _aLiterary Studies
856 _uhttps://doi.org/10.5040/9781474266888?locatt=label:secondary_bloomsburyCollections
942 _cEBOOK
999 _c1684703
_d1684703